Welcome to CU Library Online Public Access Catalogue (OPAC)

Social Work and Social Welfare (Record no. 9338)

MARC details
000 -LEADER
fixed length control field 00575nam a22001817a 4500
005 - DATE AND TIME OF LATEST TRANSACTION
control field 20260421110334.0
008 - FIXED-LENGTH DATA ELEMENTS--GENERAL INFORMATION
fixed length control field 260421b |||||||| |||| 00| 0 eng d
020 ## - INTERNATIONAL STANDARD BOOK NUMBER
International Standard Book Number 0314836934
050 ## - LIBRARY OF CONGRESS CALL NUMBER
Classification number HV91
Item number .H424
100 ## - MAIN ENTRY--PERSONAL NAME
Personal name Heffernan, Joseph
245 ## - TITLE STATEMENT
Title Social Work and Social Welfare
Remainder of title an introduction
Statement of responsibility, etc. Joseph Heffernan, Guy Shuttlesworth & Rosalie Ambrosino
250 ## - EDITION STATEMENT
Edition statement 2nd ed.
260 ## - PUBLICATION, DISTRIBUTION, ETC.
Place of publication, distribution, etc. St. Paul
Name of publisher, distributor, etc. West Publishing Company
Date of publication, distribution, etc. 1992
300 ## - PHYSICAL DESCRIPTION
Extent xviii. 499p.
Other physical details ill.
Dimensions 26.5cm
700 ## - ADDED ENTRY--PERSONAL NAME
Personal name Shuttlesworth, Guy
700 ## - ADDED ENTRY--PERSONAL NAME
Personal name Ambrosino, Rosalie
942 ## - ADDED ENTRY ELEMENTS (KOHA)
Source of classification or shelving scheme Library of Congress Classification
Koha item type Books
Edition 2nd ed.
Suppress in OPAC No
999 ## -
-- 9338
-- 9338
Holdings
Withdrawn status Lost status Source of classification or shelving scheme Damaged status Not for loan Collection Home library Current library Shelving location Date acquired Total checkouts Full call number Barcode Date last seen Copy number Price effective from Koha item type
    Library of Congress Classification     Non-fiction Business Library (Miotso) Business Library (Miotso) General stacks 04/21/2026   HV91 .H424 HEF BSSM00003335 04/21/2026 1 04/21/2026 Books
© 2023-2024 Copyright: Central University Libraries. All Rights Reserved | Created by: Mahone Tech Office